000 02083nam a2200325 i 4500
001 000014107
003 OSt
005 20260321073639.0
007 ta
008 091204s2009 dr r 000 0 spa d
020 _z9789945406092
040 _aDO-SdBNP
_bspa
_cBNPHU
_erda
041 _aspa
082 _a972.93053
_bB742t 42009
_222
100 1 _a Bosch, Juan,
_d1909-2001
_4aut.
_eautor
_976555
245 1 0 _aTrujillo :
_bcausas de una tiranía sin ejemplo /
_cJuan Bosch.
250 _aOctava edición
264 _aSanto Domingo :
_bAlfa y Omega,
_c2009.
300 _a190 páginas ;
_c21 cm.
336 _atexto
_btxt
_2rdacontent
337 _asin mediación
_bn
_2rdamedia
338 _avolumen
_bnc
_2rdacarrier
500 _aLa biblioteca posee la reimpresión de la octava edición del 2009
505 0 _tDedicatoria --
_tPrólogo a la segunda edición --
_tIntroducción --
_tEl origen psicológico --
_tOrigen de la deformación social dominicana --
_tLa sociedad colonial y la psicología de Trujillo --
_tTrujillo y la división en gente de primera y gente de segunda --
_tLa venganza de un hombre de segunda --
_tEL origen biológico --
_tEl abandono de La Española: sus consecuencias para el país --
_tLa isla dividida: nacimiento de Haití --
_tLa arritmia histórica dominicana --
_tLa simiente materna de Trujillo llegó con la Ocupación Haitiana de 1822 --
_tNacimiento de Trujillo bajo el signo de la tiranía --
_tDe las luchas civiles a la Ocupación Norteamerica de 1916 --
_tTrujillo: fruto de tres invasiones militares --
_tLa conquista del poder político --
_tLa empresa capitalista llamada República Dominicana --
_tDe dictador a propietario del país --
_tEl gobierno al servicio de la empresa --
_tPsicología de los dominicanos --
_tEpílogo --
_tConclusiones --
_tPost Scriptum --
590 _aInventariado, 2026 / LP
600 1 0 _aTrujillo Molina, Rafael Leónidas,
_d 1891-1961
_976764
651 0 _aRepública Dominicana --
_xHistoria --
_yDescubrimiento y conquista, 1492-1503
_9255
910 _aValidado. Control de calidad. MFF
942 _2ddc
_cLBS1
999 _c13709
_d13709